00358nam a2200145Ia 4500003000400000008004100004040001600045082001300061100001900074245004100093260003100134300001000165650001500175650002200190GCL140319s9999 xx 000 0 eng d aGCL / cGCL04a843bR M1 aDUCHENE, ROGER10aMADAME DE SEVIGNE / cDUCHENE, ROGER a[S.N] : bFAYARD ، c1990 a478 P04aLITERATURE04aFRENCH LITERATURE